| 000 | 00640nam a22001817a 4500 | ||
|---|---|---|---|
| 005 | 20251108164206.0 | ||
| 008 | 250721s1982 xx 000 0 ara d | ||
| 082 | 1 | 4 | _a820.09/موس |
| 100 | 1 | _aالموسوي، محسن جاسم | |
| 245 | 1 | 0 |
_aالوقوع في دائرة السحر : _bالف ليلة و ليلة في النقد الأدبي الإنكليزي / |
| 264 | 1 |
_aبغداد : _bوزارة الثقافة و الاعلام، _c1982. |
|
| 300 | _a429ص | ||
| 650 | 1 | 7 | _aالأدب الإنجليزي |
| 650 | 1 | 7 | _aالنقد الأدبي |
| 650 | 1 | 7 | _aالروايات العربية |
| 942 |
_2ddc _cBK |
||
| 999 |
_c5962 _d5962 |
||